<?xml version="1.0" encoding="UTF-8"?>
<marc:record xmlns:marc="http://www.loc.gov/MARC21/slim">
   <marc:leader>00000nam a2200000 a 4500</marc:leader>
   <marc:datafield ind1="1" ind2=" " tag="100">
      <marc:subfield code="a">Schmidt, Heike Eva</marc:subfield>
      <marc:subfield code="4">aut</marc:subfield>
      <marc:subfield code="e">Verfasser/-in</marc:subfield>
   </marc:datafield>
   <marc:datafield ind1=" " ind2=" " tag="653">
      <marc:subfield code="a">Erlebnisse mit Tieren</marc:subfield>
   </marc:datafield>
   <marc:datafield ind1=" " ind2=" " tag="653">
      <marc:subfield code="a">Detektiv</marc:subfield>
   </marc:datafield>
   <marc:datafield ind1=" " ind2=" " tag="653">
      <marc:subfield code="a">Humor</marc:subfield>
   </marc:datafield>
   <marc:datafield ind1=" " ind2=" " tag="653">
      <marc:subfield code="a">Behinderung</marc:subfield>
   </marc:datafield>
   <marc:datafield ind1="0" ind2="0" tag="245">
      <marc:subfield code="a">Verpeilt und zugemäht!</marc:subfield>
   </marc:datafield>
   <marc:datafield ind1="0" ind2="0" tag="245">
      <marc:subfield code="b">Lustiges Kinderbuch ab 8 - 11 Jahren</marc:subfield>
   </marc:datafield>
   <marc:datafield ind1=" " ind2="1" tag="264">
      <marc:subfield code="b">Planet! in der Thienemann-Esslinger Verlag GmbH</marc:subfield>
      <marc:subfield code="c">2024</marc:subfield>
   </marc:datafield>
   <marc:datafield ind1="1" ind2=" " tag="490">
      <marc:subfield code="a">Nussknacker-Bande</marc:subfield>
   </marc:datafield>
   <marc:datafield ind1="1" ind2=" " tag="520">
      <marc:subfield code="a">Klappentext: Auf die Nüsse, fertig, los!  Ein riiiiesiger Walnussbaum, ganz für sie allein - die Nussknacker-Bande ist im Glück! Er steht im Garten von einem Menschenjungen, der in einem Stuhl mit Rädern sitzt und gerade mit seinen Freunden ein Hochbeet für den Schulwettbewerb baut. Bestimmt fallen da ein paar saftige Möhren für die Nager ab.  Aber dann will jemand LinusÆ Projekt kaputt machen. Jetzt ist die Nussknacker-Bande gefragt: Wozu sind sie furchtlose Banditen? Doch ihr Plan geht gründlich schief und das Chaos nimmt seinen Lauf.  Über den Autor und weitere Mitwirkende Heike Eva Schmidt war nach einem Psychologiestudium zunächst als Journalistin tätig, ehe sie ein Stipendium an der Drehbuchwerkstatt München erhielt. Seitdem arbeitet sie erfolgreich als freie Drehbuchautorin und Schriftstellerin in Oberbayern.Nikolai Renger studierte Visuelle Kommunikation an der HFG in Pforzheim. Er ist als freiberuflicher Illustrator für verschiedene Verlage und Agenturen tätig und arbeitet seit 2013 im Atelier Remise in Karlsruhe.</marc:subfield>
   </marc:datafield>
   <marc:datafield ind1=" " ind2=" " tag="020">
      <marc:subfield code="a">9783522508391</marc:subfield>
      <marc:subfield code="9">9783522508391</marc:subfield>
   </marc:datafield>
</marc:record>
